000 00963nam2a2200253 4500
001 rc\2655119
005 20250529192531.0
035 _a(NLR Aleph) 006962419
090 _a5357874
_c5357874
100 _a20110614d1927 |||y0rusy50 ca
101 0 _arus
102 _aRU
105 _ay|||z|||000ay
200 0 _aˆ[‰Вып. 2]
210 _d1927
_aБ. м.
215 _aС. 17-32
461 0 _1001rc\2655117
_12001#$aБуйная жизнь$eроман$fБорис Лавренёв$v[Вып. 2]
_1700#1$aЛавренев$bБ. А.$f1891-1959$gБорис Андреевич$3RU\NLR\AUTH\7731140
_95357857
_aЛавренев, Б. А. (1891-1959)
_cЛенинград
_d1927
_fБорис Лавренёв
_nКрасная газета
_oроман
_tБуйная жизнь
_v[Вып. 2]
801 0 _aRU
_bNLR
_gpsbo
801 1 _aRU
_bELAR
_2rusmarc
852 _aNLR
_j41/284(2)
942 _cBOOK
980 _aNB